Zrušenie a likvidácia obchodnej spoločnosti z právneho, účtovného a daňového hľadiska

Základný právny rámec zrušenia obchodnej spoločnosti. Likvidácia obchodnej spoločnosti. Vstup spoločnosti do likvidácie. Likvidátor spoločnosti. Účtovný pohľad na likvidáciu obchodnej spoločnosti. Daňový pohľad na likvidáciu obchodnej spoločnosti. Daň z príjmov. Praktické príklady.

Salvato in:
Dettagli Bibliografici
Autore principale: Kolembus, Anton
Altri autori: Kolembusová, Ivana
Natura: Capitolo di libro
Lingua:slovacco
Soggetti:
Tags: Aggiungi Tag
Nessun Tag, puoi essere il primo ad aggiungerne!!

MARC

LEADER 00000naa a2200000 4500
001 0249972
005 20221104111205.3
041 0 |a slo 
044 |a SK 
245 1 0 |a Zrušenie a likvidácia obchodnej spoločnosti z právneho, účtovného a daňového hľadiska  |c Anton Kolembus, Ivana Kolembusová 
520 |a Základný právny rámec zrušenia obchodnej spoločnosti. Likvidácia obchodnej spoločnosti. Vstup spoločnosti do likvidácie. Likvidátor spoločnosti. Účtovný pohľad na likvidáciu obchodnej spoločnosti. Daňový pohľad na likvidáciu obchodnej spoločnosti. Daň z príjmov. Praktické príklady. 
610 2 0 |a likvidácia podniku 
610 2 0 |a likvidátori 
610 2 0 |a spoločnosti obchodné 
610 2 0 |a register obchodný 
610 2 0 |a zákonník občiansky 
610 2 0 |a konanie konkurzné 
610 2 0 |a veritelia 
610 2 0 |a pohľadávky 
610 2 0 |a orgány štatutárne 
610 2 0 |a Slovensko 
610 2 0 |a spoločnosti komanditné 
610 2 0 |a pravidlá účtovné 
610 2 0 |a závierka účtovná 
610 2 0 |a dane 
610 2 0 |a spoločnosti akciové 
610 2 0 |a spoločnosti s r.o. 
610 2 0 |a podnikanie 
610 2 0 |a zrušenie podniku 
100 1 |a Kolembus, Anton 
700 1 |a Kolembusová, Ivana